|
|
|
|
| LEADER |
00000nam a2200000 4500 |
| 001 |
vtls012243069 |
| 003 |
SK-MaSNL |
| 005 |
20260511101519.0 |
| 007 |
co cg auuua |
| 008 |
231031s2022 xo dab fs 000 0 slo |
| 020 |
|
|
|a 9788099929358
|q (elektronická kniha)
|z 978809929358
|
| 038 |
|
|
|a SNK
|
| 040 |
|
|
|a SNK
|b slo
|c SNK
|e rda
|
| 041 |
0 |
|
|a slo
|a eng
|
| 043 |
|
|
|a e-xo---
|
| 044 |
|
|
|a xo
|c SK
|
| 072 |
|
7 |
|a 551
|x Geológia. Meteorológia. Klimatológia
|2 konspekt
|
| 080 |
|
|
|a 551.577/.578
|2 2011
|
| 080 |
|
|
|a (437.6)
|2 2011
|
| 080 |
|
|
|a (082)
|2 2011
|
| 080 |
|
|
|a (0.034.2)
|2 2011
|
| 080 |
|
|
|a (0.034.44)
|2 2011
|
| 080 |
|
|
|a 551.58
|2 2011
|
| 080 |
|
|
|a 551.59
|2 2011
|
| 080 |
|
|
|a 551.578.4
|2 2011
|
| 100 |
1 |
|
|a Bochníček, Oliver
|4 aut
|9 98910
|
| 245 |
1 |
0 |
|a Národný klimatický program Slovenskej republiky
|n zväzok 16/22
|p Klimatologické a fenologické normály v období 1991-2020 na Slovensku
|c autori: Oliver Bochníček, Peter Borsányi, Eva Čepčeková, Pavel Faško, Marcel Garaj, Helena Hlavatá, Juraj Holec, Lucia Hradiská, Gabriela Ivaňáková, Ľubica Jančovičová, Peter Kajaba, Ivana Krčová, Martin Madara, Ladislav Markovič, Katarína Mikulová, Ivan Mrekaj, Pavol Ondruška, Jozef Pecho, Anna Pribullová,Jakub Ridzoň, Jaroslava Slavková, Marek Smolko, Zora Snopková, Kristína Szabóová,Pavel Šťastný, Martina Tomková, Maroš Turňa ; editor: Katarína Mikulová, Pavel Šťastný
|
| 246 |
3 |
1 |
|a Climatological and phenological normals for period 1991-2020 in Slovakia
|
| 246 |
3 |
0 |
|a Klimatologické a fenologické normály v období 1991-2020 na Slovensku
|
| 250 |
|
|
|a Vydanie: 1
|
| 264 |
|
1 |
|a Bratislava
|b Slovenský hydrometeorologický ústav
|c 2022
|
| 300 |
|
|
|a 1 CD-ROM
|c 12 cm
|
| 336 |
|
|
|a text
|b txt
|2 rdacontent
|
| 337 |
|
|
|a počítač
|b c
|2 rdamedia
|
| 338 |
|
|
|a online zdroj
|b cr
|2 rdacarrier
|
| 347 |
|
|
|a textový súbor
|c 1,95 MB
|2 rda
|
| 347 |
|
|
|a dátový súbor
|b XML
|c 2,67 MB
|2 rda
|
| 366 |
|
|
|e 50 kusov
|
| 500 |
|
|
|a Názov z titulnej obrazovky
|
| 504 |
|
|
|a Obsahuje bibliografiu na strane 30
|
| 546 |
|
|
|a Súbežný názov a súbežné názvy príspevkov v angličtine ; text čiastočne v angličtine
|
| 648 |
|
7 |
|a 1991-2020
|2 SNKPH
|9 358682
|
| 650 |
0 |
7 |
|a klimatológia
|2 SNKPH
|9 752
|
| 650 |
0 |
7 |
|a vodné zrážky
|2 SNKPH
|9 26672
|
| 650 |
0 |
7 |
|a meteorologické javy
|2 SNKPH
|9 73608
|
| 650 |
0 |
7 |
|a sneh
|2 SNKPH
|9 19269
|
| 650 |
0 |
7 |
|a Climatology
|2 SNKPHeng
|9 294476
|
| 650 |
0 |
7 |
|a Precipitation (Meteorology)
|2 SNKPHeng
|9 112729
|
| 650 |
0 |
7 |
|a Metheorological phenomena
|2 SNKPHeng
|9 319487
|
| 650 |
0 |
7 |
|a Snow
|2 SNKPHeng
|9 437572
|
| 651 |
|
7 |
|a Slovensko
|2 SNKPHgeo
|9 14231
|
| 651 |
|
7 |
|a Slovakia
|2 SNKPHeng
|9 92630
|
| 655 |
|
7 |
|a zborníky
|2 SNKPH
|9 70165
|
| 655 |
|
7 |
|a elektronické zdroje
|2 SNKPH
|9 90954
|
| 655 |
|
7 |
|a CD-ROM
|2 SNKPH
|9 70236
|
| 655 |
|
7 |
|a Papers of several authors
|2 SNKPHeng
|9 153738
|
| 655 |
|
7 |
|a Electronic resources
|2 SNKPHeng
|9 175546
|
| 700 |
1 |
|
|a Šťastný, Pavel,
|d 1952-
|4 aut
|4 edt
|9 300245
|
| 700 |
1 |
|
|a Pecho, Jozef,
|d 1923-
|4 aut
|9 134840
|
| 700 |
1 |
|
|a Faško, Pavel
|4 aut
|9 442754
|
| 700 |
1 |
|
|a Markovič, Ladislav
|4 aut
|9 421507
|
| 700 |
1 |
|
|a Borsányi, Peter
|4 aut
|9 438660
|
| 700 |
1 |
|
|a Čepčeková, Eva
|4 aut
|9 438661
|
| 700 |
1 |
|
|a Garaj, Marcel
|4 aut
|9 564997
|
| 700 |
1 |
|
|a Hlavatá, Helena
|4 aut
|9 438662
|
| 700 |
1 |
|
|a Holec, Juraj
|4 aut
|9 365777
|
| 700 |
1 |
|
|a Hradiská, Lucia
|4 aut
|9 1638486
|
| 700 |
1 |
|
|a Ivaňáková, Gabriela,
|d 1979-
|4 aut
|9 438671
|
| 700 |
1 |
|
|a Jančovičová, Ľubica
|4 aut
|9 438663
|
| 700 |
1 |
|
|a Kajaba, Peter
|4 aut
|9 438664
|
| 700 |
1 |
|
|a Krčová, Ivana
|4 aut
|9 438669
|
| 700 |
1 |
|
|a Madara, Martin
|4 aut
|9 570176
|
| 700 |
1 |
|
|a Mikulová, Katarína
|4 aut
|4 edt
|9 324256
|
| 700 |
1 |
|
|a Mrekaj, Milan
|4 aut
|9 1035536
|
| 700 |
1 |
|
|a Ondruška, Pavol
|4 aut
|9 1638487
|
| 700 |
1 |
|
|a Pribullová, Anna
|4 aut
|9 438666
|
| 700 |
1 |
|
|a Ridzoň, Jakub
|4 aut
|9 1638488
|
| 700 |
1 |
|
|a Slavková, Jaroslava
|4 aut
|9 1638489
|
| 700 |
1 |
|
|a Smolko, Marek
|4 aut
|9 1638490
|
| 700 |
1 |
|
|a Snopková, Zora
|4 aut
|9 659587
|
| 700 |
1 |
|
|a Szabóová, Kristína
|4 aut
|9 1638491
|
| 700 |
1 |
|
|a Tomková, Martina
|4 aut
|9 438667
|
| 700 |
1 |
|
|a Turňa, Maroš
|4 aut
|9 438670
|
| 710 |
1 |
|
|a Slovensko.
|b Ministerstvo životného prostredia
|4 pbl
|9 250390
|
| 852 |
|
|
|a Slovenská národná knižnica
|
| 919 |
|
|
|a 978-80-99929-35-8
|
| 999 |
|
|
|c 3369513
|d 3371443
|
| 952 |
|
|
|t 1
|a SNK
|b SNK
|y NEVYP
|7 1
|p 17A1510112
|o snkSCDM 14172
|i snk2026/6878
|8 0
|g 0.00
|0 0
|1 0
|2 udc
|4 0
|d 2026-05-11
|l 0
|r 2026-05-11 10:16:28
|w 2026-05-11
|
| 952 |
|
|
|t 2
|a SNK
|b SNK
|y NEVYP
|7 1
|p 17A1510113
|o snkSCDM 14172 D1
|i snk2026/6879
|8 0
|g 0.00
|0 0
|1 0
|2 udc
|4 0
|d 2026-05-11
|l 0
|r 2026-05-11 10:16:00
|w 2026-05-11
|